Nhập môn XML Kỹ thuật thực hành giải pháp và ứng dụng
Salvato in:
| Autore principale: | |
|---|---|
| Natura: | Libro |
| Lingua: | Undetermined |
| Pubblicazione: |
Hà Nội
Thống Kê
2002
|
| Soggetti: | |
| Tags: |
Aggiungi Tag
Nessun Tag, puoi essere il primo ad aggiungerne! !
|
| Thư viện lưu trữ: | Trung tâm Học liệu Trường Đại học Cần Thơ |
|---|
| LEADER | 00570nam a2200193Ia 4500 | ||
|---|---|---|---|
| 001 | CTU_47066 | ||
| 008 | 210402s9999 xx 000 0 und d | ||
| 020 | |c 30000 | ||
| 082 | |a 005.7592 | ||
| 082 | |b Nh123 | ||
| 100 | |a NGUYỄN TIẾN | ||
| 245 | 0 | |a Nhập môn XML | |
| 245 | 0 | |b Kỹ thuật thực hành giải pháp và ứng dụng | |
| 245 | 0 | |c NGUYỄN TIẾN | |
| 260 | |a Hà Nội | ||
| 260 | |b Thống Kê | ||
| 260 | |c 2002 | ||
| 650 | |a xml ( document makup language ) | ||
| 980 | |a Trung tâm Học liệu Trường Đại học Cần Thơ | ||